000 01190nam a2200325 i 4500
003 EG-GICUC
005 20260202235744.0
008 260202s2009 ua ||||f |||| 00| 0 ara d
017 _a2009/17738
040 _a EG-GICUC
_bara
_c EG-GICUC
_d EG-GICUC
_erda
041 _aara
082 0 4 _221
_a345.25
_bأ ح . ن
092 0 4 _221
099 _aLaw1 07 345.25 أ ح . ن 2009
100 0 _aأحمد إبراهيم مصطفى
_eمؤلف.
245 1 0 _aنحو نظام جديد للإدارة المحلية في مصر /
_cدكتور أحمد إبراهيم مصطفى .
264 1 _aالقاهرة :
_bمكتبة النصر - فرع جامعة القاهرة ،
_c2009 .
300 _a442 ؛ صفحة
_c24 سم
336 _2rda content
_atext
337 _2rda media
_aComputer
338 _2rda carrier
_aOnline Resource
504 _a. 442-436 ببليوجرافيا: صفحات.
504 _aيشتمل على إرجاعات ببليوجرافية
650 1 4 _aالحكم المحلي
_2qrmak
650 1 4 _aالقانون الإداري
651 1 _2qrmak
856 4 0 _uhttps://fll.law.cu.edu.eg/fulltext/bks/B07-00881.pdf
905 _a61
942 _2ddc
_cBK
_e21
_n0
999 _c60402
_d60402